Districts of São Tomé and Príncipe with a Map - Statistics

General Stats
  • This quiz has been taken 1,227 times
  • The average score is 3 of 7
Answers on the Map
Answers color-coded by a green-red scale on the quiz's map according to % correct below.
 
Answer Stats
Type District % Correct
Autonomous Region Príncipe
99%
District Água Grande
42%
District Caué
37%
District Lembá
36%
District Mé-Zóchi
36%
District Cantagalo
35%
District Lobata
35%
No matching quizzes found
Score Distribution
Percent of People with Each Score
Percentile by Number Answered
Your Score History
You have not taken this quiz